000 00508nam a2200145Ia 4500
008 140724s9999 xx 000 0 und d
050 _aRC 495
_b.Ag283 2008
100 _aArciaga, Maria Carlsol B.
245 _aTest anxiety level of nursing students towards the nursing licensure examination /
_cMaria Carlsol B. Arciaga.
260 _aLas PiƱas, Philippines :
_bSouthville International School and Colleges,
_cc2008.
300 _a55 p. :
_c28 cm.
521 _aNursing
942 _cTH
999 _c229005
_d229005